000 01059nam0a22002891 4500
001 rc\4512204
005 20250612104057.0
021 _aRU
_b[64-36440]
035 _a(NLR Aleph) 008619879
090 _a8816339
_c8816339
100 _a20130416d1964 |||y0rusy50 ca
101 0 _arus
102 _aRU
105 _ay z |||||
200 1 _aОб электромагнитных свойствах барионов в модели унитарной симметрии
210 _aДубна
_cБ. и.
_d1964
215 _a8 с.
_d22
225 1 _aОбъединенный институт ядерных исследваний. [Издания]
_fЛаборатория теорет. физики
_vР-1616
300 _aОтпеч. множит. аппаратом
606 _aБарионы
_xЭлектромагнитные свойства
_2psbo
700 1 _aКапусцик
_bЭ.
_gЭдвард
701 1 _aОбрык
_bЭ.
801 0 _aRU
_bNLR
_gpsbo
801 1 _aRU
_bELAR
_2rusmarc
852 _aNLR
_jП11/2061
942 _cBOOK
980 _aNB